Word Ladder: Baby Animals Quiz Stats

Quiz Updated Dec 9, 2014

Challenge
Share
Tweet
Embed
Score 0/36 Timer 04:00
3 Plays Today
Hint 4-letter word % Correct
Domestic baby cow►CALF◄
93.2%
Be unsuccessfulFAIL
93.1%
Bring to an abrupt stopHALT
92.9%
Baby sheep►LAMB◄
91.5%
To move downward without controlFALL
91.2%
Green fruitLIME
90.3%
MidpointHALF
90.2%
Set of twoPAIR
89.5%
Sheet of glassPANE
89.4%
Narrow roadLANE
88.7%
To cry outCALL
88.4%
Unable to walkLAME
88.4%
To breathe quicklyPANT
87.9%
System to measure durationTIME
87.6%
Extremity of the bodyLIMB
87.3%
SegmentPART
85.6%
LegitimateFAIR
84.9%
Baby horse►FOAL◄
83.1%
Hint 4-letter word % Correct
Edible materialFOOD
80.8%
Male baby horse►COLT◄
80.1%
JesterFOOL
78.9%
ChairSEAT
77.5%
Young salmon►PARR◄
76.5%
Aquatic mammalSEAL
75.7%
Wooded hillHOLT
74.1%
To bend overFOLD
68.5%
Loyal FEAL
66.2%
Exchanged for moneySOLD
62.4%
Cover with goldGILD
56.3%
Thin rectangular slabTILE
52.8%
Sloping positionTILT
49.5%
Young herring►SILD◄
45.3%
Young female swine►GILT◄
44.7%
Small round markSPOT
27.7%
Baby oyster►SPAT◄
26.8%
Baby ox►STOT◄
10.1%

Today's Daily Dose

Missing Word
Famous Bosses

Word Ladder
An Amphibian

Quick Pick
'AH' Vocabulary

On This Day
September 25th

You're not logged in!

Compare scores with friends on all Sporcle quizzes.
Sign Up with Email
OR
Log In

You Might Also Like...

Show Comments

Extras

Top Quizzes Today


Score Distribution

Your Account Isn't Verified!

In order to create a playlist on Sporcle, you need to verify the email address you used during registration. Go to your Sporcle Settings to finish the process.